000 00724nam a2200241 i 4500
001 17138
003 ES-MaACL
005 20230906151518.0
007 t|
008 001227s1980 sp ||||1| spa d
020 _a84-339-1418-9
080 _a329(04)
245 0 0 _aTeoría y sociología críticas de los partidos políticos /
_cKurt Lenk y Franz Neumann (eds.).
260 _aBarcelona :
_bAnagrama,
_c[1980]
300 _a491 p. ;
_c23 cm.
490 1 _aElementos críticos ;
_v18
650 1 4 _aPartidos políticos.
_915858
700 1 _aLenk, Kurt.
_971527
700 1 _aNeumann, Franz.
_985443
830 0 _aElementos críticos ;
_v18
_9180219
852 _aES-MaACL
_jL-23944
_bR.129074
999 _c17138
_d17138